000 00870nam a22002417a 4500
005 20101213123913.0
008 101213t xxu||||| |||| 00| 0 eng d
010 _aENG-101792
020 _c195.00
_a9788120341630
035 _aEN-85325
037 _bDBAD / PUB
040 _adpl
_bEng
082 _a610.284
100 _aMandeep Singh
_924733
245 1 _aIntroduction to biomedical instrumentation /
_cby Mandeep Singh
260 _aNew Delhi
_bPrentice-Hall of India
_c2010
270 _aM-97, Connaught Circus,
_bNew Delhi
_e110 001
300 _axvii, 226p. :
_c24cm (pbk)
_bill
500 _aIncludes index
700 _924734
_aStinson, craig
942 _adpl
_cEN
_2ddc
_h610.284
_mMAN
999 _c49115
_d49115